| Tag |
First Indicator |
Second Indicator |
Subfields |
| LEADER |
00000pam a2200000 a 4500 |
| 001 |
in00000440607 |
| 005 |
20151012071541.0 |
| 008 |
860530s1986 enka b 10100 eng |
| 010 |
|
|
|a 86013721
|
| 020 |
|
|
|a 0521323371
|
| 035 |
|
|
|a (OCoLC)13760123
|
| 035 |
|
|
|9 ABW7579AM
|
| 040 |
|
|
|a DLC
|c DLC
|d TXA
|d UtOrBLW
|
| 049 |
|
|
|a TXAM
|c [A09934067]
|
| 050 |
0 |
0 |
|a QB843.B77
|b A88 1986
|
| 082 |
0 |
|
|a 523.8
|2 19
|
| 245 |
0 |
0 |
|a Astrophysics of brown dwarfs :
|b proceedings of a workshop held at George Mason University, Fairfax, Virginia, October 14-15, 1985 /
|c edited by Minas C. Kafatos, Robert S. Harrington, Stephen P. Maran.
|
| 264 |
|
1 |
|a Cambridge [Cambridgeshire] ;
|a New York :
|b Cambridge University Press,
|c 1986.
|
| 300 |
|
|
|a 275 pages :
|b illustrations ;
|c 26 cm.
|
| 336 |
|
|
|a text
|b txt
|2 rdacontent
|
| 337 |
|
|
|a unmediated
|b n
|2 rdamedia
|
| 338 |
|
|
|a volume
|b nc
|2 rdacarrier
|
| 500 |
|
|
|a "Papers presented at the Astrophysics of Brown Dwarfs Workshop"--Foreword.
|
| 500 |
|
|
|a Includes indexes.
|
| 504 |
|
|
|a Includes bibliographies and indexes.
|
| 650 |
|
0 |
|a Brown dwarf stars
|x Congresses.
|
| 650 |
|
0 |
|a Astrophysics
|v Congresses.
|
| 700 |
1 |
|
|a Kafatos, Minas C.
|
| 700 |
1 |
|
|a Harrington, Robert S.
|
| 700 |
1 |
|
|a Maran, Stephen P.
|
| 711 |
2 |
|
|a Astrophysics of Brown Dwarfs Workshop
|d (1985 :
|c George Mason University)
|
| 999 |
|
|
|a MARS
|
| 999 |
f |
f |
|s 203a308d-3e56-3c17-92a4-f32dc7b47826
|i 4d633843-04cc-34be-91d4-94375efb5f0d
|t 0
|
| 952 |
f |
f |
|p ric
|a Texas A&M University
|b Rellis Campus
|c Joint Library Facility
|d Remote Storage
|t 0
|e QB843.B77 A88 1986
|h Library of Congress classification
|i unmediated -- volume
|m A14809934067
|
| 998 |
f |
f |
|a QB843.B77 A88 1986
|t 0
|l Remote Storage
|